Základy informatiky

Uložené v:
Podrobná bibliografia
Hlavný autor: Krajník, Zdenko
Korporativný autor: Ekonomická univerzita v Bratislave. Národohospodárska fakulta
Ďalší autori: Ledvényi, Stanislav, Mozdík, Peter
Médium: Kniha
Jazyk:Slovak
Vydavateľské údaje: Bratislava Vydavateľstvo EKONÓM 1999
Predmet:
Tagy: Pridať tag
Žiadne tagy, Buďte prvý, kto otaguje tento záznam!

MARC

LEADER 00000nam a2200000 4500
001 c114934
005 20220818095838.6
020 |a 80-225-1181-1 
041 0 |a slo 
044 |a SK 
245 1 0 |a Základy informatiky  |c Krajník, Ledvényi, Mozdík 
264 1 |a Bratislava  |b Vydavateľstvo EKONÓM  |c 1999 
300 |a 158 s. 
610 2 0 |a informatika 
610 2 0 |a počítače 
610 2 0 |a hardvér 
610 2 0 |a softvér 
610 2 0 |a siete počítačové 
610 2 0 |a internet 
100 1 |a Krajník, Zdenko 
700 1 |a Ledvényi, Stanislav 
700 1 |a Mozdík, Peter 
710 2 |a Ekonomická univerzita v Bratislave. Národohospodárska fakulta